000 00687nam a2200229Ia 4500
003 OSt
005 20220923230726.0
006 a|||||r|||| 00| 0
007 ta
008 Pun
024 _a305,103
037 _cTextual
040 _aARTS
_cARTS
_bPun
041 _2Pun
_aPun
082 _aV58:21xM70,1, 153K8
100 _aਸਹਿਰਾਈ, ਪਿਆਰਾ ਸਿੰਘ, ੳਗ.
245 0 _aਵਲਾਦੀਮੀਰ ਇਲੀਇਚ
_b ਲੈਨਿਨ
260 _c1968
650 _aਭਾਰਤੀਯ ਇਤਿਹਾਸ
942 _hV58:21xM70,1, 153K8
_cTEXL
_2CC
999 _c386906
_d386906